Mountains of the Pharaohs

محفوظ في:

المؤلف الرئيسي: Zahi Hawass

التنسيق: كتاب

اللغة: Undetermined

منشور في: Cairo American University in Cairo 2024

الموضوعات:

الوسوم: إضافة وسم

لا توجد وسوم, كن أول من يضع وسما على هذه التسجيلة!

رقم الطلب: On Hold

LEADER 00544nam a2200181Ia 4500
005 20260324113530.0
008 260324s9999||||xx |||||||||||||| ||und||
020 |a 978-1649033987 
050 4 |a On Hold 
100 0 |a  Zahi Hawass 
245 1 0 |a Mountains of the Pharaohs  |c  Zahi Hawass 
264 1 |a Cairo  |b American University in Cairo  |c 2024 
300 |a 232 Pages  |b illustrations  |c 23 cm 
650 4 |a Ancient -- Classical 
650 4 |a Antiquities -- Archaeology 
650 4 |a History 
650 4 |a The Untold Story of the Pyramid Builders 
999 |c 61910  |d 61910